000 00617cam a22002173a 4500
001 45292
003 PGUSA
005 20140828084038.0
008 140401s2014||||xxu|||||s|||||000 | eng d
040 _aPGUSA
_beng
042 _adc
100 1 _aDouglas, Alfred
_q(AKA The Belgian Hare)
245 1 4 _aThe Placid Pug and Other Rhymes
_h[electronic resource] /
_cAlfred Douglas
260 _bProject Gutenberg,
_c2014
506 _aPublic domain in the USA.
516 _aElectronic text
700 1 _aP. P.
830 0 _aProject Gutenberg
_v45292
856 4 0 _uhttp://www.gutenberg.org/ebooks/45292
942 _cEB
999 _c274543
_d274543